[Event "Belgrade-chT Quality"]
[Site "Belgrade"]
[Date "2016.10.27"]
[Round "11.3"]
[White "Milutinovic, Milan"]
[Black "Stanojevic, Milan"]
[Result "1-0"]
[WhiteElo "1930"]
[BlackElo "2081"]
[PlyCount "119"]
[EventDate "2016.10.01"]
[EventType "team-tourn"]
[EventRounds "11"]
[EventCountry "SRB"]
[SourceTitle "EXT 2018"]
[Source "ChessBase"]
[SourceDate "2017.10.13"]
[SourceVersion "1"]
[SourceVersionDate "2017.10.13"]
[SourceQuality "1"]

1. d4 Nf6 2. Nf3 d6 3. h3 g6 4. Nc3 Bg7 5. e4 0-0 6. Bg5 h6 7. Be3 Nbd7 8. Qd2 Kh7 9. g4 c5 10. 0-0-0 cxd4 11. Bxd4 Qa5 12. Bc4 b5 13. Bd3 b4 14. Nb1 Qxa2 15. Qxb4 Rb8 16. Qc3 Ba6 17. Qa3 Qxa3 18. Nxa3 Bxd3 19. cxd3 Rfc8+ 20. Kb1 Nc5 21. Bxc5 Rxc5 22. Rd2 Nd7 23. d4 Ra5 24. Ka2 Ra4 25. Rc1 Rb7 26. Rc6 Nf6 27. Re2 d5 28. e5 Ne4 29. Rec2 e6 30. h4 Bf8 31. Rc7 Rab4 32. Rxb7 Rxb7 33. Ne1 Be7 34. f3 Ng3 35. Ng2 h5 36. g5 Nf5 37. Rd2 Bxa3 38. Kxa3 Rc7 39. b4 Rc4 40. Ka4 Kg8 41. Rd3 Kf8 42. Ne3 Nxe3 43. Rxe3 Rxd4 44. Kb5 Rxh4 45. Ra3 Rc4 46. Rxa7 h4 47. Ra8+ Kg7 48. Ra1 Rf4 49. Rh1 d4 50. Kc5 d3 51. b5 d2 52. Rd1 Rxf3 53. Rxd2 Rb3 54. Rh2 Re3 55. Kd6 h3 56. b6 Rb3 57. Kc7 Rc3+ 58. Kb8 Kf8 59. b7 Rb3 60. Rc2 1-0

[Event "SRB-chT"]
[Site "Belgrade"]
[Date "2010.10.04"]
[Round "4"]
[White "Sarenac, David"]
[Black "Milutinovic, Milan"]
[Result "1-0"]
[WhiteElo "2255"]
[BlackElo "2068"]
[PlyCount "88"]
[EventDate "2010.10.01"]
[EventType "team-tourn"]
[EventRounds "11"]
[EventCountry "YUG"]
[SourceTitle "CBM 138 Extra"]
[Source "ChessBase"]
[SourceDate "2010.10.29"]
[SourceVersion "1"]
[SourceVersionDate "2010.10.29"]
[SourceQuality "1"]

1. e4 c6 2. d4 d6 3. Nc3 Qc7 4. f4 e5 5. Nf3 Nd7 6. Be2 Ngf6 7. 0-0 Be7 8. Kh1 0-0 9. Be3 Re8 10. Qd2 Ng4 11. Bg1 Ngf6 12. Rae1 b5 13. a3 a6 14. Bd3 Bb7 15. Nd1 h6 16. c3 Kh8 17. Nf2 c5 18. fxe5 dxe5 19. d5 c4 20. Bc2 Bc5 21. h3 Nf8 22. Nh4 Bc8 23. Bh2 Bd7 24. Nd1 N8h7 25. Ne3 g6 26. Nf3 Rad8 27. g4 Bxe3 28. Rxe3 Qd6 29. Bg3 g5 30. Qh2 Qc5 31. Ree1 Ng8 32. Nxe5 f6 33. Nf7+ Kg7 34. Nxd8 Rxd8 35. Bd6 Qa7 36. e5 Qa8 37. Qg2 f5 38. gxf5 Re8 39. f6+ Nhxf6 40. exf6+ Nxf6 41. Be5 Rxe5 42. Rxe5 Qd8 43. d6 Nh5 44. Re7+ Qxe7 1-0